Corporate taxpayers' complaince variables under the self-assessment system in Malaysia : a mixed methods approach /
Saved in:
| Main Author: | |
|---|---|
| Format: | Thesis |
| Language: | English |
| Subjects: | |
| Tags: |
Add Tag
No Tags, Be the first to tag this record!
|
| LEADER | 009880000a22002410004500 | ||
|---|---|---|---|
| 008 | 141117t2012 at a g m 000 0 eng d | ||
| 040 | |a UIAM |b eng |e rda | ||
| 043 | |a a-my--- | ||
| 050 | 4 | |a HJ2320.M4 | |
| 100 | 0 | |a Khadijah Mohd Isa, |e author | |
| 245 | 1 | 0 | |a Corporate taxpayers' complaince variables under the self-assessment system in Malaysia : |b a mixed methods approach / |c by Khadijah Mohd Isa |
| 300 | |a xxiv, 341 leaves : |b illustrations ; |c 30 cm. | ||
| 336 | |2 rdacontent |a text | ||
| 337 | |2 rdamedia |a unmediated | ||
| 338 | |2 rdacarrier |a volume | ||
| 502 | |a Thesis (Ph. D.)--Curtin University, 2012. | ||
| 504 | |a Includes bibliographical references (leaves 251-274). | ||
| 596 | |a 1 | ||
| 655 | 0 | 7 | |a Theses, IIUM foreign |
| 710 | 2 | |a Curtin University. |b School of Economics and Finance | |
| 900 | |a hj-mrm | ||
| 999 | |c 436813 |d 468034 | ||
| 952 | |0 0 |6 T HJ 002320 M4 K45C 2012 |7 0 |8 THESES |9 760054 |a IIUM |b IIUM |c MULTIMEDIA |g 0.00 |o t HJ 2320 M4 K45C 2012 |p 11100337328 |r 2017-10-19 |t 1 |v 0.00 |y THESIS | ||
